Modernizácia nivelačnej siete pre potreby investičnej výstavby

Bibliographic Details
Main Author: Vanko, Ján, 1936- (Author)
Format: Article
Language:Slovak
PhysicalDescription:Obr. 2., lit. 13 zázn. v slov., ruš., angl.
Subjects:

MARC

LEADER 00000nab a2200000 a 4500
001 vtls000187818
003 SK-MaSNL
005 20260304024134.0
008 160204c1984 xo 0 slo
015 |a SNBRA19rr/mm-uuuuu 
035 |a CL0197931 
040 |a SNKBUCL  |b slo  |c SNKBUCL  |e AACR2 
041 0 |a slo 
044 |a xo  |c SK 
080 |a 528.482  |2 1981 
080 |a 624.15  |2 1981 
100 1 |a Vanko, Ján,  |d 1936-  |4 aut  |9 222721 
245 1 0 |a Modernizácia nivelačnej siete pre potreby investičnej výstavby  |c Ján Vanko 
300 |b Obr. 2., lit. 13 zázn. v slov., ruš., angl. 
650 0 7 |a geodézia  |2 SNKPH  |9 819 
650 0 7 |a investičná výstavba  |2 SNKPH  |9 281248 
650 0 7 |a nivelačné siete  |2 SNKPH  |9 223741 
655 7 |a články zo zborníkov  |2 SNKPH  |9 166140 
773 0 |t Problematika geodetických sietí pri budovaní energetických diel, 1984  |g S. 124-130 
850 |a Slovenská národná knižnica v Martine  |a MTA001 
852 |a SNK  |b KIS3GCP 
958 |a NB 
958 |a RK 
992 |a RZB 
999 |c 2620105  |d 2622035